<?xml version="1.0" encoding="UTF-8"?>
<record
    xmlns:xsi="http://www.w3.org/2001/XMLSchema-instance"
    xsi:schemaLocation="http://www.loc.gov/MARC21/slim http://www.loc.gov/standards/marcxml/schema/MARC21slim.xsd"
    xmlns="http://www.loc.gov/MARC21/slim">

  <leader>02002naa a2200253 i 4500</leader>
  <controlfield tag="001">2660</controlfield>
  <controlfield tag="003">KOSZ 005</controlfield>
  <controlfield tag="005">20180203104520.0</controlfield>
  <controlfield tag="008">151209s2009    pl     f     |100 0 pol</controlfield>
  <datafield tag="040" ind1=" " ind2=" ">
    <subfield code="c">BPK</subfield>
    <subfield code="d">KOSZ 005/EG</subfield>
  </datafield>
  <datafield tag="041" ind1=" " ind2=" ">
    <subfield code="a">pol</subfield>
    <subfield code="b">eng</subfield>
  </datafield>
  <datafield tag="080" ind1=" " ind2=" ">
    <subfield code="a">534</subfield>
  </datafield>
  <datafield tag="100" ind1="1" ind2=" ">
    <subfield code="a">CHROBAK, &#x141;ukasz.</subfield>
    <subfield code="d">2011 - .</subfield>
    <subfield code="b">Politechnika Koszali&#x144;ska - Wydzia&#x142; Elektroniki i Informatyki,</subfield>
    <subfield code="c">Katedra Podstaw Elektroniki</subfield>
  </datafield>
  <datafield tag="245" ind1="1" ind2="0">
    <subfield code="a">Badanie i analiza wp&#x142;ywu fal plazmowych na sygna&#x142; fotoakustyczny / </subfield>
    <subfield code="c">&#x141;ukasz Chrobak, Miros&#x142;aw Mali&#x144;ski.</subfield>
  </datafield>
  <datafield tag="246" ind1="3" ind2="1">
    <subfield code="a">Investigation and analyzis of the influence of the plasma waves on the photoacoustic signal</subfield>
  </datafield>
  <datafield tag="500" ind1=" " ind2=" ">
    <subfield code="a">Dane z autopsji.</subfield>
  </datafield>
  <datafield tag="520" ind1=" " ind2=" ">
    <subfield code="a">Artyku&#x142; przedstawia rezultaty teoretycznych i eksperymentalnych bada&#x144; przeprowadzonych dla pr&#xF3;bek krzemowych. Celem bada&#x144; by&#x142;o znalezienie i sprawdzenie najlepszej konfiguracji eksperymentalnej do detekcji i pomiar&#xF3;w fal plazmowych. Przebadanymi i wyznaczonymi parametrami materia&#x142;u krzemowego by&#x142; czas &#x17C;ycia no&#x15B;nik&#xF3;w nadmiarowych, dyfuzyjno&#x15B;&#x107; no&#x15B;nik&#xF3;w, pr&#x119;dko&#x15B;&#x107; rekombinacji powierzchniowych oraz dyfuzyjno&#x15B;&#x107; termiczna. Artyku&#x142; ten udowadnia, &#x17C;e istnieje jedna najlepsza konfiguracja do obserwacji i detekcji fal plazmowych przy zastosowaniu metody fotoakustycznej. W niniejszej pracy przedstawiono r&#xF3;wnie&#x17C; metod&#x119; wyznaczania wymiennych parametr&#xF3;w przy wykorzystaniu przebadanej konfiguracji.</subfield>
  </datafield>
  <datafield tag="650" ind1=" " ind2="0">
    <subfield code="a">Fale akustyczne.</subfield>
  </datafield>
  <datafield tag="655" ind1=" " ind2="0">
    <subfield code="a">Materia&#x142;y konferencyjne.</subfield>
  </datafield>
  <datafield tag="700" ind1="1" ind2=" ">
    <subfield code="a">MALI&#x143;SKI, Miros&#x142;aw.</subfield>
    <subfield code="d">1996 - .</subfield>
    <subfield code="b">Politechnika Koszali&#x144;ska - Wydzia&#x142; Elektroniki i Informatyki,</subfield>
    <subfield code="c">Katedra Podstaw Elektroniki</subfield>
  </datafield>
  <datafield tag="711" ind1="2" ind2="2">
    <subfield code="a">Krajowa Konferencja Student&#xF3;w i M&#x142;odych Pracownik&#xF3;w Nauki "XXI wiek er&#x105; elektroniki i teleinformatyki"</subfield>
    <subfield code="n">(6 ;</subfield>
    <subfield code="d">2009 ;</subfield>
    <subfield code="c">Koszalin, Polska).</subfield>
  </datafield>
  <datafield tag="773" ind1="0" ind2=" ">
    <subfield code="i">W :</subfield>
    <subfield code="t">Modele in&#x17C;ynierii teleinformatyki : (wybrane zastosowania). 4 / red. Krzysztof Bzdyra. -</subfield>
    <subfield code="d">Koszalin : Wydaw. Uczelniane Politechniki Koszali&#x144;skiej, 2009. -</subfield>
    <subfield code="g">s. 46-56</subfield>
  </datafield>
  <datafield tag="942" ind1=" " ind2=" ">
    <subfield code="c">ROZ</subfield>
    <subfield code="2">UKD</subfield>
  </datafield>
  <datafield tag="999" ind1=" " ind2=" ">
    <subfield code="c">2660</subfield>
    <subfield code="d">2660</subfield>
  </datafield>
  <datafield tag="952" ind1=" " ind2=" ">
    <subfield code="0">0</subfield>
    <subfield code="1">0</subfield>
    <subfield code="4">0</subfield>
    <subfield code="7">0</subfield>
    <subfield code="a">BPK</subfield>
    <subfield code="b">BPK</subfield>
    <subfield code="o">94643</subfield>
    <subfield code="y">ROZ</subfield>
  </datafield>
</record>
